Quizzes
Events
Quiz Creation
Community
Videos
Private Events
Remove Ads
Sign In
Join for FREE
Feedback
Dark Mode
Quiz Categories
Sports
Geography
Music
Movies
Television
Just For Fun
Miscellaneous
History
Literature
Language
Science
Gaming
Entertainment
Religion
Holiday
For Kids
Quiz Lab
Recent
Popular Today
Quiz Kudos Today
Editor Picks
Curator Picks
Quizzes by...
Day
Popularity
Type
Ratings
Length
Year
Community
Subscriptions
Recent Discussions
Orange Saloon
Badges
Playlists
Quests
Create
Leaderboards
Showdown
Live 5
Trivia Bingo
Activity
Puzzle Library
Sporcle Events
Private Events
Virtual Trivia
Globe League
Become a Host
Pub Owners
SporcleCon
Opinionation
Our Games
Videos
Blog
Mobile Apps
Partnerships
Remove Ads and Go Orange
Feedback
Television
TV Characters
TV Show
Sitcom
Network
Friends
Reality Shows
Cast
South Park
Star Trek
The Simpsons
Doctor Who
Television
TV Characters
TV Show
Sitcom
Network
Friends
Reality Shows
Cast
South Park
Star Trek
The Simpsons
Doctor Who
Random Quiz
Search Sporcle
×
Quiz Lab
Quiz Lab
Television
Show
Type in answers that appear in a list
Type in answers that appear in a list
Classic
Best Score? Go Orange.
Ways to die on LOST Stats
Can you name the ways to die on the TV show LOST?
By
buttscounty
8m
33 Questions
5,324 Plays
5,324 Plays
5,324 Plays
Comments
Comments
Give Quiz Kudos
Give Quiz Kudos
-
- Ratings
hide this ad
Replay
Link that replays current quiz
Next Quiz
Link to next quiz in quiz playlist
You Got
0%
They Got
Avg Score
59%
Avg Friend Score
Upgrade to see
Score Distribution
Jump to the score distribution portion of the page
Score
0/33
Timer
08:00
0
Plays Today
Victim
Death
% Correct
Ethan Rom, and many, many others
Gunshot
94%
Mr. & Mrs. Ford
Murder/Suicide due to a con-man based affair
92.8%
Joanna Miller
Drowning
90.1%
Mr. Eko, Seth Norris
Death by Smoke Monster
84.8%
Jacob & Keamy
Stabbed by Ben
84.2%
Boone Carlyle
Crushed by falling plane
82.7%
Dr. Leslie Arzt, Ilana
Blown up by dynamite
80.4%
Christian Shephard
Drink yourself into a heart attack
78.9%
Michael Dawson and many others
Exploding freighter
73.5%
Naomi Dorrit
Locke's knife in your back
73.3%
Tons of 'red-
shirts' in the Pilot episode
Plane Crash
72.8%
Nikki & Paulo
Buried alive
72.3%
Roger Linus
Poison Gas
70%
Jae Lee
High fall/Suicide
69%
Charlie Pace, Man in the red shoes
Course Correction
66.8%
Emily Linus
Giving birth to Ben
64.1%
Grandpa Tito Reyes
Your grandson winning the lottery and curses you into a heart attack
63.5%
Victim
Death
% Correct
Sabine + 8 other women
Getting pregnant on the island
62.9%
Anthony Cooper, Jeremy Bentham
Strangulation
62.9%
Omar
Death by grenade
58.9%
George Minkowski, Charlotte Lewis
Losing your Constant
58.4%
Juliet
Falling down a hole and setting off the Jughead
46.6%
Neil 'Frogurt' and many others
Flaming arrows
46.4%
Wayne Janssen
Arson
45%
Tricia Tanaka
Hit by meteorite
43.9%
Edmund Burke
Hit by a bus
37.2%
Howard L. Zukerman
Poisoned food
34.2%
Kelvin Inman
Cracking your head open against a rock after you try to leave your partner alone in the hatch
30.5%
Goodwin Stanhope, Phil
Impaled
29.7%
Gary Troup
Sucked into a Jet Engine
24.9%
Jason the 'Other', Nathan the 'Tailie'
Broken neck (by hand or by Sayid's ankles)
24.2%
Ryan Pryce
Getting run over with a Dharma van
18.8%
Edward Mars
Euthanasia (after a failed gunshot wound)
9.5%
Quiz Playlist
Details
Report
Send in Message
Add To Playlist
Classic:
Type in answers that appear in a list
Quiz Source
Last Updated: Feb 16, 2017
Quiz Scoreboard
CHALLENGE
Sign Up to Join the Scoreboard
Show All
Scores
Hide
Comments
May contain spoilers
Recently Published
Movies - When Are They Set?
by FPL_Elf
Movies
5m
Popular People in 1961
by mucciniale
History
6m
1-10 Letter E Words III
by El_Dandy
Language
2m
More to Explore
Quiz From the Vault
Featured Blog Post
Where Did the Easter Bunny Come From?
hide this ad
You Might Also Like...
Tags
Show Quiz
death
Lost (ABC)
Victim
Today's Top Quizzes in Television
Browse Television
hide this ad
Today's Top Quizzes in Show
Browse Show
Top Contributed Quizzes in Television
1
One Piece Logic Puzzle
2
Survivor Logic Puzzle: Heroes vs. Villains
3
Survivor Seasons
4
Survivor Season by Logo
5
Survivor Trivia
6
One Thing in Common: Television
7
Who Wants to Be a Millionaire?
8
Survivor Logic Puzzle: Winners at War
9
Ultimate Survivor Logic Puzzle
10
Phoebe Buffay Quotes
Explore More
Trending Topics
Anime
Kpop
Disney
Harry Potter
NBA
Crossword
Marvel
Pokémon
Puzzle
Song
The Office
Soccer
NFL
WWE
Country
hide this ad
More By:
buttscounty
Quiz
Plays
Rating
Category
Featured
Created
NWA/WCW WarGames Matches
36,601
4.19
Sports
Nov 2, 2009
WWE Superstars by Limerick
15,887
4.27
Sports
Apr 3, 2010
History of the WCW Tag Team Championship
15,761
4.14
Sports
Dec 1, 2009
History of WWE (WWF) Tag Champs, pt. 2
12,849
4.00
Sports
Oct 8, 2009
The Big Gold Belt (NWA/WCW/WWE)
12,205
4.35
Sports
Sep 25, 2010
Go to Creator's Profile
Score Distribution
Quiz Creator Spotlight
buttscounty
Follow
Send a Message
Quizzes Created
-
Created Quiz Play Count
-
More By This Creator
Popular Quizzes Today
1
Find the Countries of Europe - No Outlines Minefield
2
Find the US States - No Outlines Minefield
3
The Countries of the World
4
Popular People in 1961
5
1-10 Letter E Words III
6
US States
7
Find the US States
8
One Thing in Common: World Cities II
More Television Quizzes
Five Decade TV Show Medley III
Published
Trending Quizzes
Risky Map Clicking: Least Populous States A-Z
Humor Books: The Subtitles
1-10 Letter F Words
1-10 Letter G Words
One Thing in Common: United Kingdom
Recently Updated
Leaping Animals
pecheneg
Reality TV Shows (A-Z)
bhenderson79
Rickey Henderson's Hall of Fame Teammates
pecheneg
Champions League XIs: Arsenal
pecheneg
Quick Pick: Celebrities in WWE's Hall of Fame
aduchscher
A-Z Keypad Blitz II
pecheneg
Multiple Oscar Actors
pecheneg
Mystery Phrase Blitz: Oscar 'Best Actors'
pecheneg
F. Scott Fitzgerald Novels
LTH
Pick 3 Villains
ddd62291
Trending Topics
Anime
Kpop
Marvel
Crossword
Disney
Harry Potter
NBA
Soccer
Song
Puzzle
NFL
The Office
Pokémon
Country
WWE
Your Account Isn't Verified!
In order to create a playlist on Sporcle, you need to verify the email address you used during registration. Go to your
Sporcle Settings
to finish the process.
Report this User
Report this user for behavior that violates our
Community Guidelines
.
Details:
Send Report
Go to the Sporcle.com Mobile Site →
Comments